00576cam a22002051 4500001001300000003000400013005001700017008004100034010001700075035002000092040001900112042001200131050001500143060002300158100002500181245009800206260003200304300001700336999001700353med47001717 DLC20260227111603.0811121s1940 xx a 000 0 ger  amed47001717  a(OCoLC)14739787 aDLCcDNLMdDLC apremarc00aRJ61b.L850 aWS 113bL869m 19401 aLorenz-Herzog, Inga.10aMein Kind im ersten Lebensjahr;bAnleitungen und Ratschläge für die Säuglingspflege ... aStuttgart,bFranckhc[1940] a111 p.bill. c38379d38379